| 000 | 01907nam a2200265 a 4500 | ||
|---|---|---|---|
| 001 | ASIN0748637389 | ||
| 005 | 20170105102927.0 | ||
| 008 | 131212s2010 xxu eng d | ||
| 020 |
_a0748637389 (hardcover) _c$120.00 |
||
| 020 | _a9780748637386 (hardcover) | ||
| 040 | _a0 | ||
| 050 | 0 | 4 | _aBP50 |
| 082 | 0 | 4 |
_a297.09 _bLIV 2010 |
| 245 | 0 | 0 |
_aLiving islamic history : _bstudies in honour of professor carole hillenbrand / _cYasir Suleiman. |
| 260 |
_a[S.l.] : _bEdinburgh University Press, _c2010. |
||
| 300 |
_a336 p. ; _c24 cm. |
||
| 520 | _aThe publication of this book honours Professor Carole Hillenbrand's outstanding achievements in and service to Islamic and Middle Eastern Scholarship. It gathers original research from a range of leading international scholars from the UK, Europe and the USA whose chapters throw new light on a set of topics in medieval Islamic history, Islamic doctrine and practice, and the interaction between Islam and the modern world. Seeking to present fresh evidence and engaging ways of looking at old and new material, the authors contribute to a richer understanding of the interaction between historical events, social trends, religious practices and lived experiences in medieval Turkey and Central Asia, Iran and the Arabic-speaking lands. The book also discusses how some of the most abiding themes in the Arab-Islamic tradition continue to resonate in the modern world. The book features contributions from: Julia Bray, Edmund Bosworth, Farhad Daftary, Gerhard Endress, Gary Leiser, Remke Kruk, Charles Melville, A. H. Morton, Ian Netton, Andrew Newman, A. Kevin Reinhart and Yasir Suleiman. | ||
| 650 | 0 | _aCivilization | |
| 650 | 0 | _aIslam | |
| 650 | 0 | _aIslam and culture | |
| 650 | 0 | _aIslamic countries | |
| 700 | 1 | _aSuleiman, Yasir. | |
| 856 | 4 | 0 |
_3Amazon.com _uhttp://www.amazon.com/exec/obidos/ASIN/0748637389/chopaconline-20 |
| 942 |
_2ddc _cBK |
||
| 999 |
_c15892 _d15892 |
||